Tiền tệ ngân hàng và tín dụng

Gespeichert in:
Bibliographische Detailangaben
1. Verfasser: Robert Raymond
Format: Buch
Sprache:Vietnamese
Veröffentlicht: NOTNXB 1992
Tags: Tag hinzufügen
Keine Tags, Fügen Sie den ersten Tag hinzu!
Thư viện lưu trữ: Mạng thư viện Đại học Đà Nẵng
LEADER 00624nam a2200277 4500
001 000026868
003 917
005 20150325120000.0
008 150325s vm 000 vie
020 |c 0,0000 
040 |a NOTTS 
100 |a Robert Raymond 
245 |a Tiền tệ ngân hàng và tín dụng 
260 |b NOTNXB  |c 1992 
300 |a 332tr. ; 
OWN |a LTT 
999 |a From the UDN01 
TYP |a Monograph 
TYP |a Printed language 
980 |a Mạng thư viện Đại học Đà Nẵng